| 000 | 00797cam a22002533a 4500 | ||
|---|---|---|---|
| 001 | 17524 | ||
| 003 | PGUSA | ||
| 005 | 20140828083356.0 | ||
| 008 | 060123s2006||||xxu|||||s|||||000 | eng d | ||
| 040 |
_aPGUSA _beng |
||
| 042 | _adc | ||
| 050 | 4 | _aPT | |
| 100 | 1 |
_aIbsen, Henrik, _d1828-1906 |
|
| 245 | 1 | 0 |
_aDramatische werken _h[electronic resource] / _cHenrik Ibsen |
| 260 |
_bProject Gutenberg, _c2006 |
||
| 505 | 0 | _aSteunpilaren der Maatschappij -- Nora (Een Poppenhuis) -- Spoken -- Een Vijand des Volks | |
| 506 | _aPublic domain in the USA. | ||
| 516 | _aElectronic text | ||
| 653 | _aNorwegian drama -- Translations into Dutch | ||
| 700 | 1 | _aClant van der Mijll-Piepers, J. | |
| 830 | 0 |
_aProject Gutenberg _v17524 |
|
| 856 | 4 | 0 | _uhttp://www.gutenberg.org/ebooks/17524 |
| 942 | _cEB | ||
| 999 |
_c246779 _d246779 |
||